Normal view MARC view
  • Sapkal Vaishnavi- 2K221124 & Dr. Sneha Arekar– Guide

Entry Personal Name

Number of records used in: 1

001 - CONTROL NUMBER

  • control field: 208216

003 - CONTROL NUMBER IDENTIFIER

  • control field: OSt

005 - DATE AND TIME OF LATEST TRANSACTION

  • control field: 20240812142446.0

008 - FIXED-LENGTH DATA ELEMENTS

  • fixed length control field: 240812|| aca||aabn | a|a d

040 ## - CATALOGING SOURCE

  • Original cataloging agency: OSt
  • Transcribing agency: OSt

100 ## - HEADING--PERSONAL NAME

  • Personal name: Sapkal Vaishnavi- 2K221124 & Dr. Sneha Arekar– Guide

670 ## - SOURCE DATA FOUND

  • Source citation: Work cat.: (OSt)359455: Sapkal Vaishnavi- 2K221124 & Dr. Sneha Arekar– Guide , Study of Employee Motivation in Panomac Company, March-2024